000
00309nam a22001337a 4500
020
_q
PB.
040
_c
FIZZA ISHAQ
082
_a
624.068
_b
WAN
100
_a
XUANCANG,WANG.
_9
91626
245
_a
EXPRESS MANAGEMENT
_c
WANG XUANCANG.
260
_a
SK.KATARIA ;
_c
2019.
300
_a
496 P. ;
942
_2
ddc
_c
BK
999
_c
589760
_d
589760